Maximum security (Record no. 82784)

MARC details
000 -LEADER
fixed length control field 00771nam a2200193 a 4500
008 - FIXED-LENGTH DATA ELEMENTS--GENERAL INFORMATION
fixed length control field 201117s2010 ||||||||||||||||| || u
020 ## - INTERNATIONAL STANDARD BOOK NUMBER
International Standard Book Number 9780340884355
050 ## - LIBRARY OF CONGRESS CALL NUMBER
Classification number PZ 7.M869647
100 ## - MAIN ENTRY--PERSONAL NAME
Personal name Muchamore, Robert
245 10 - TITLE STATEMENT
Title Maximum security
Statement of responsibility, etc. By Robert Muchamore
260 ## - PUBLICATION, DISTRIBUTION, ETC.
Place of publication, distribution, etc. London
Name of publisher, distributor, etc. Hodder Children's Books
Date of publication, distribution, etc. 2010
260 ## - PUBLICATION, DISTRIBUTION, ETC.
Place of publication, distribution, etc. London
Name of publisher, distributor, etc. Holder and Stoughton
Date of publication, distribution, etc. 2010
300 ## - PHYSICAL DESCRIPTION
Extent 286 pages
350 ## -
-- 19.37
490 ## -
-- Cherub
650 ## - SUBJECT ADDED ENTRY--TOPICAL TERM
Topical term or geographic name entry element ENGLISH LANGUAGE
995 ## -
-- FICTION Collection
-- 750521
-- CBU-MAIN LIBRARY (Kitwe)
-- 19.37
-- PZ 7.M869647
-- 2
-- AVAILABLE
-- Dec 11, 2020
-- 750521
-- Fiction Collection
995 ## -
-- FICTION Collection
-- 905215
-- CBU-SCHOOL OF MEDICINE LIBRARY (Ndola)
-- 19.78
-- PZ 7.M869647
-- 1
-- AVAILABLE
-- Nov 20, 2020
-- 905215
-- Fiction Collection
999 ## -
-- 82784
-- 82784
Holdings
Withdrawn status Lost status Source of classification or shelving scheme Damaged status Not for loan Permanent Location Current Location Shelving location Date acquired Total Checkouts Full call number Barcode Date last seen Copy number Price effective from Koha item type
          CBU-MAIN LIBRARY, KITWE. CBU-MAIN LIBRARY, KITWE.   09/29/2023   PZ 7.M869647 750521 09/29/2023 1 09/29/2023 FICTON COLLECTON
          CBU-SCHOOL OF MEDICINE LIBRARY, NDOLA. CBU-SCHOOL OF MEDICINE LIBRARY, NDOLA.   09/29/2023   PZ 7.M869647 905215 09/29/2023 2 09/29/2023 FICTON COLLECTON